00856 a2200169 4500003000500000005001700005040000900022082001500031245007900046260002500125300001400150505032700164650002900491942002400520999001900544952012300563NUST20230529130352.0 cNust a004.65,CAC aComnet III User Manual:bPlanning for network managers release 1.2 /cCACI aNew YorkbCACIc1995 ax,401 p.: aIntroduction (Page-1), Quick Start (Page-7), Overview of Modeling Constructs (Page-21), Modeling Constructs (Page-31), Creating COMNET iii Models (Page-277), Reports (Page-303), Plots and Percentiles (Page-363), Simgraphics ii Graphics Editor (Page-367), Traflink (Page-375), Statistical Distribution Functions (Page-377). aNetwork managers9112760 2ddccBKk004.65,CAC c193308d193308 00102ddc4070aMCSbMCScGENd2016-12-12o004.65,CACpMCS2833r2016-12-08w2016-12-12yBKzAlmirah No.80, Shelf No.1